[Event "4NCL Online Division 1"]
[Site "online"]
[Date "2020.04.07"]
[Round "1.63"]
[White "Astaneh Lopez, Alex"]
[Black "Josse, Mark"]
[Result "1/2-1/2"]
[WhiteElo "2430"]
[BlackElo "2235"]
[PlyCount "50"]
[EventDate "2020.04.07"]
[WhiteTeam "Gonzaga"]
[BlackTeam "Surbiton 1"]

1. Nf3 d5 2. d4 Nf6 3. Bf4 e6 4. e3 Bd6 5. Bg3 O-O 6. Nbd2 b6 7. c3 c5 8. Bd3
Bb7 9. Ne5 Nc6 10. f4 Ne7 11. O-O Qc7 12. f5 Nxf5 13. Bxf5 exf5 14. Rxf5 Ne8
15. Nf1 f6 16. Nd3 Bxg3 17. Nxg3 Nd6 18. Rf2 Rae8 19. Qf3 Ne4 20. Nxe4 Rxe4 21.
Re1 Rfe8 22. Rd2 Qe7 23. Kf2 cxd4 24. cxd4 Ba6 25. Nf4 Bb7 1/2-1/2

[Event "4NCL Online Division 1"]
[Site "online"]
[Date "2020.04.07"]
[Round "1.64"]
[White "Seymour, Timothy P"]
[Black "Kanyamarala, Tarun"]
[Result "1-0"]
[WhiteElo "2119"]
[BlackElo "2384"]
[PlyCount "81"]
[EventDate "2020.04.07"]
[WhiteTeam "Surbiton 1"]
[BlackTeam "Gonzaga"]

1. Nf3 d5 2. e3 Nf6 3. c4 e6 4. Nc3 b6 5. b3 Bd6 6. Bb2 Bb7 7. Rc1 a6 8. d4
Nbd7 9. cxd5 exd5 10. g3 O-O 11. Bg2 Qe7 12. O-O Rfd8 13. Nd2 Rab8 14. Qc2 c5
15. dxc5 bxc5 16. Rfd1 Ne5 17. Na4 Rbc8 18. Nf3 Neg4 19. h3 Nxe3 20. Bxf6 Qxf6
21. fxe3 d4 22. Nh4 Bxg3 23. Bxb7 Rc7 24. Nf5 Rxb7 25. Nxg3 Qg5 26. Kh2 Qxe3
27. Qe4 Qxe4 28. Nxe4 Re7 29. Naxc5 f5 30. Ng3 Re3 31. Rd3 f4 32. Rxe3 dxe3 33.
Nge4 g5 34. Kg2 h6 35. Kf3 Kf7 36. h4 Kg6 37. hxg5 hxg5 38. Rg1 Rd5 39. Rxg5+
Rxg5 40. Nxg5 Kxg5 41. Ne6+ 1-0

[Event "4NCL Online Division 1"]
[Site "online"]
[Date "2020.04.07"]
[Round "1.71"]
[White "Li, Henry"]
[Black "Williams, Simon K"]
[Result "0-1"]
[WhiteElo "2315"]
[BlackElo "2464"]
[PlyCount "156"]
[EventDate "2020.04.07"]
[WhiteTeam "Gonzaga B Sharps"]
[BlackTeam "Battersea Horses"]

1. e4 e6 2. d4 d5 3. Nc3 Nf6 4. e5 Nfd7 5. f4 c5 6. Nf3 Nc6 7. Be3 h6 8. Qd2 g5
9. fxg5 cxd4 10. Nxd4 Ndxe5 11. O-O-O hxg5 12. Bxg5 Qxg5 13. Qxg5 Bh6 14. Qxh6
Rxh6 15. Be2 Bd7 16. h3 Ke7 17. Rhe1 Rg8 18. Bf1 f6 19. Nb3 Rg3 20. Nc5 Bc8 21.
Ne2 Re3 22. b3 b6 23. Na4 Ba6 24. Kd2 Bxe2 25. Kxe3 Bxd1 26. Rxd1 f5 27. Bb5
Rh4 28. c3 Nd8 29. Nb2 Ndf7 30. Bf1 f4+ 31. Kf2 Nd6 32. c4 Ne4+ 33. Kg1 f3 34.
g4 Ng5 35. Kh2 Rh8 36. cxd5 Nxg4+ 37. Kg3 Ne3 38. d6+ Kf6 39. Re1 Nf5+ 40. Kf2
Nxd6 41. Nc4 Nxc4 42. bxc4 Nxh3+ 43. Bxh3 Rxh3 44. a4 Kf5 45. a5 e5 46. axb6
axb6 47. Ke3 Rh4 48. Kxf3 Rf4+ 49. Kg3 Rxc4 50. Rb1 Rc6 51. Kf3 Re6 52. Rb5 Rd6
53. Ke3 Rc6 54. Kf3 Rd6 55. Ke3 Ke6 56. Ke4 Kd7 57. Kxe5 Kc7 58. Rb4 Rd1 59.
Rd4 Rc1 60. Rd2 b5 61. Kd4 Kb6 62. Ra2 b4 63. Ra8 Kb5 64. Kd3 b3 65. Kd2 Rc2+
66. Kd3 Kb4 67. Ra7 Rc8 68. Rb7+ Ka3 69. Ra7+ Kb2 70. Kd2 Rd8+ 71. Ke2 Rd5 72.
Ke3 Kc2 73. Rc7+ Kb1 74. Ke4 Rd8 75. Rb7 b2 76. Ke3 Rd5 77. Ke4 Ra5 78. Kd3 Ka2
0-1

[Event "4NCL Online Division 1"]
[Site "online"]
[Date "2020.04.07"]
[Round "1.72"]
[White "Baker, Chris W"]
[Black "Kanyamarala, Trisha"]
[Result "1-0"]
[WhiteElo "2227"]
[BlackElo "2201"]
[PlyCount "89"]
[EventDate "2020.04.07"]
[WhiteTeam "Battersea Horses"]
[BlackTeam "Gonzaga B Sharps"]

1. d4 Nf6 2. c4 e6 3. Nf3 d5 4. g3 dxc4 5. Bg2 a6 6. O-O Nc6 7. e3 Rb8 8. Qc2
b5 9. b3 Nb4 10. Qe2 cxb3 11. axb3 Bb7 12. Ba3 Be7 13. Rc1 O-O 14. Nbd2 Nbd5
15. Bxe7 Qxe7 16. Ne5 Qd6 17. Nd3 Qb6 18. b4 Rfe8 19. Nb3 Nd7 20. Ndc5 Bc8 21.
e4 Nxb4 22. Qd2 Nc6 23. Rxa6 Bxa6 24. Nxd7 Qa7 25. Rxc6 Rbd8 26. Qa5 Rxd7 27.
Rxa6 Qb8 28. e5 Qd8 29. Bc6 Qe7 30. Qxb5 Rd5 31. Bxd5 exd5 32. Qxd5 c6 33. Qxc6
Qd8 34. d5 h6 35. d6 Qb8 36. d7 Rd8 37. Nc5 Kh7 38. e6 fxe6 39. Nxe6 Rxd7 40.
Qxd7 Qb1+ 41. Kg2 Qe4+ 42. Kh3 Qf5+ 43. Kh4 Qf6+ 44. Kg4 h5+ 45. Kxh5 1-0

[Event "4NCL Online Division 1"]
[Site "online"]
[Date "2020.04.07"]
[Round "1.73"]
[White "Miller, Ioana"]
[Black "Connell, Blair N"]
[Result "1-0"]
[WhiteElo "2185"]
[BlackElo "2230"]
[PlyCount "107"]
[EventDate "2020.04.07"]
[WhiteTeam "Gonzaga B Sharps"]
[BlackTeam "Battersea Horses"]

1. e4 e5 2. Nf3 Nc6 3. Bb5 Nge7 4. O-O Ng6 5. d4 exd4 6. Nxd4 Bc5 7. Nf5 O-O 8.
Be3 Bb6 9. Bxb6 axb6 10. Nc3 d6 11. Ng3 Bd7 12. Nd5 Nce7 13. Bc4 Nxd5 14. Bxd5
Bc6 15. Bxc6 bxc6 16. Qd4 c5 17. Qd5 Qf6 18. c3 Qe6 19. Rfd1 Qxd5 20. Rxd5 Rfe8
21. f3 Nf4 22. Rd2 h5 23. Nf5 b5 24. Ne3 Ra7 25. g3 Ne6 26. Nd5 Kf8 27. a3 Nd8
28. Kf2 Nc6 29. Rg1 Ne5 30. Ne3 Nc4 31. Nxc4 bxc4 32. g4 hxg4 33. Rxg4 Rb8 34.
e5 Rab7 35. exd6 cxd6 36. Rxd6 Rxb2+ 37. Kg3 Rc2 38. Rxc4 Rbb2 39. h4 Rg2+ 40.
Kf4 Rh2 41. Ke5 Ke7 42. Ra6 Rbd2 43. Ra7+ Ke8 44. Rxc5 Rxh4 45. Rc8+ Rd8 46.
Rcc7 Rb8 47. a4 Rh5+ 48. Kf4 g5+ 49. Kg4 Rh7 50. Kxg5 Rd8 51. c4 Kf8 52. a5 Rd4
53. a6 Rdh4 54. Rxf7+ 1-0

[Event "4NCL Online Division 1"]
[Site "online"]
[Date "2020.04.07"]
[Round "1.74"]
[White "Midhun, P U."]
[Black "Jackson, Carl"]
[Result "1/2-1/2"]
[WhiteElo "2166"]
[BlackElo "2021"]
[PlyCount "92"]
[EventDate "2020.04.07"]
[WhiteTeam "Battersea Horses"]
[BlackTeam "Gonzaga B Sharps"]

1. Nf3 b6 2. g3 Bb7 3. Bg2 f5 4. O-O Nf6 5. d4 g6 6. c4 Bg7 7. Bf4 O-O 8. Nc3
e6 9. d5 Na6 10. Nd4 Re8 11. dxe6 Bxg2 12. Kxg2 dxe6 13. Nc6 Qxd1 14. Raxd1 Nh5
15. Rd7 e5 16. Bg5 Nc5 17. Rd5 Re6 18. Nd8 Re8 19. Nc6 Re6 20. Nd8 Re8 21. Rfd1
Bf6 22. Bxf6 Nxf6 23. R5d2 Nce4 24. Nxe4 Nxe4 25. Rd3 Nd6 26. Nc6 Nxc4 27. Rd7
Nxb2 28. R1d5 Na4 29. Rxc7 Nc5 30. Rxe5 Rxe5 31. Nxe5 Re8 32. f4 a5 33. Kf3 Ne4
34. Rc6 Rd8 35. Rxb6 Rd2 36. a3 Ra2 37. Nc4 Rc2 38. Nxa5 Rc3+ 39. Kg2 Rc2 40.
Kf3 Rc3+ 41. Kg2 Rc2 42. Nc6 Rxe2+ 43. Kg1 Re1+ 44. Kg2 Re2+ 45. Kg1 Re1+ 46.
Kg2 Re2+ 1/2-1/2

[Event "4NCL Online Division 1"]
[Site "online"]
[Date "2020.04.07"]
[Round "1.81"]
[White "Nikolovski, Nikola"]
[Black "Granat, Russell G"]
[Result "1-0"]
[WhiteElo "2454"]
[BlackElo "2297"]
[PlyCount "77"]
[EventDate "2020.04.07"]
[WhiteTeam "Grischuk Grizzlies"]
[BlackTeam "Wimbledon 1"]

1. e4 Nc6 2. Nf3 e5 3. Bc4 Bc5 4. O-O d6 5. c3 Bg4 6. b4 Bb6 7. a4 a6 8. d3 Nf6
9. Nbd2 O-O 10. h3 Bh5 11. Re1 h6 12. Nf1 Nh7 13. g4 Bg6 14. Ng3 Kh8 15. Kg2
Ne7 16. h4 f6 17. a5 Ba7 18. Bb3 Qd7 19. h5 Qxg4 20. hxg6 Nxg6 21. Rh1 Ng5 22.
Nxg5 Qxd1 23. Nf7+ Rxf7 24. Bxd1 Nf4+ 25. Bxf4 exf4 26. Bb3 fxg3 27. Bxf7 Bxf2
28. d4 Kh7 29. Raf1 g6 30. Rxf2 gxf2 31. Kxf2 Kg7 32. Be6 h5 33. Ke3 Kh6 34.
Kf4 Re8 35. d5 Re7 36. c4 c6 37. c5 dxc5 38. bxc5 Kg7 39. Rd1 1-0

[Event "4NCL Online Division 1"]
[Site "online"]
[Date "2020.04.07"]
[Round "1.82"]
[White "Keene, Nick R"]
[Black "Terryn, Ezra"]
[Result "0-1"]
[WhiteElo "2072"]
[BlackElo "2184"]
[PlyCount "68"]
[EventDate "2020.04.07"]
[WhiteTeam "Wimbledon 1"]
[BlackTeam "Grischuk Grizzlies"]

1. b3 d5 2. Bb2 Nf6 3. e3 Bf5 4. f4 e6 5. Nf3 Bd6 6. Be2 Nbd7 7. c4 c6 8. Nc3
O-O 9. O-O Re8 10. d4 Ne4 11. Nxe4 Bxe4 12. c5 Bc7 13. b4 b6 14. Bc3 Rb8 15.
Bd3 Nf6 16. Ng5 Bxd3 17. Qxd3 bxc5 18. bxc5 Ba5 19. Rab1 Bxc3 20. Qxc3 h6 21.
Nf3 Ne4 22. Qa3 Qc7 23. Rb3 Rxb3 24. axb3 Rb8 25. Rb1 Rb5 26. Ne5 Qb7 27. Rb2
a5 28. Nd3 Nc3 29. b4 Nd1 30. Rb1 Nxe3 31. Ne5 Nc2 32. Qc3 Rxb4 33. Rxb4 Qxb4
34. Qxc2 Qe1# 0-1

[Event "4NCL Online Division 1"]
[Site "online"]
[Date "2020.04.07"]
[Round "1.83"]
[White "Green, Michael"]
[Black "Heppell, Ian N"]
[Result "1-0"]
[WhiteElo "2012"]
[BlackElo "2027"]
[PlyCount "49"]
[EventDate "2020.04.07"]
[WhiteTeam "Grischuk Grizzlies"]
[BlackTeam "Wimbledon 1"]

1. Nf3 d6 2. d4 f5 3. h3 Nf6 4. g4 fxg4 5. hxg4 Bxg4 6. Qd3 Qd7 7. Ng5 Nc6 8.
f3 Bf5 9. e4 Bg6 10. Bh3 e6 11. Nxe6 Qe7 12. d5 Ne5 13. Qc3 Nxf3+ 14. Qxf3 Bxe4
15. Qe3 c6 16. O-O cxd5 17. Nd2 h5 18. Rxf6 gxf6 19. Nxe4 dxe4 20. Qxe4 Rg8+
21. Kh1 Rc8 22. Bf4 Rc6 23. Rd1 f5 24. Qxf5 Qh4 25. Nxf8 1-0

[Event "4NCL Online Division 1"]
[Site "online"]
[Date "2020.04.07"]
[Round "1.84"]
[White "Agrawal, Shivam"]
[Black "Wuytens, Robin"]
[Result "0-1"]
[WhiteElo "1952"]
[BlackElo "1899"]
[PlyCount "84"]
[EventDate "2020.04.07"]
[WhiteTeam "Wimbledon 1"]
[BlackTeam "Grischuk Grizzlies"]

1. d4 d5 2. Bf4 Nf6 3. e3 e6 4. Nf3 Be7 5. c4 Nbd7 6. Nbd2 O-O 7. c5 Nh5 8. Bg3
c6 9. Bd3 g6 10. Nb1 b6 11. b4 Bb7 12. Nc3 a5 13. a3 Qc8 14. O-O Nxg3 15. hxg3
Ba6 16. Re1 e5 17. Be2 Bxe2 18. Rxe2 Bf6 19. Rc2 Qb7 20. Nxd5 cxd5 21. c6 Qa7
22. cxd7 exd4 23. Nxd4 axb4 24. Rca2 Qxd7 25. axb4 Rxa2 26. Rxa2 Rc8 27. Rc2
Rc4 28. Qd2 Qa4 29. Rb2 Qa1+ 30. Kh2 Rc1 31. g4 Bh4 32. g3 Rg1 33. Ne2 Rh1+ 34.
Kg2 Qf1+ 35. Kf3 Rh2 36. Nf4 Bf6 37. Rc2 Qh1+ 38. Ke2 Qe4 39. Rc8+ Kg7 40. Qxd5
Qxb4 41. Qd3 Rh1 42. Nd5 Qxg4+ 0-1

[Event "4NCL Online Division 1"]
[Site "online"]
[Date "2020.04.07"]
[Round "1.91"]
[White "Wadsworth, Matthew J"]
[Black "Cumming, Rhys"]
[Result "1-0"]
[WhiteElo "2416"]
[BlackElo "2299"]
[PlyCount "51"]
[EventDate "2020.04.07"]
[WhiteTeam "Guildford Young Guns"]
[BlackTeam "Sussex Social Isolators"]

1. Nf3 Nf6 2. g3 g6 3. c4 Bg7 4. Bg2 c6 5. O-O d5 6. b3 Ne4 7. d4 O-O 8. Bb2
dxc4 9. bxc4 Qb6 10. Qb3 c5 11. Ne5 Nd6 12. d5 Qc7 13. Nd3 Bxb2 14. Nxb2 b5 15.
cxb5 c4 16. Nxc4 Nd7 17. Nxd6 Qxd6 18. Nd2 Rb8 19. Nc4 Qc5 20. Rab1 a6 21. b6
Bb7 22. Qa4 Bc8 23. Rfc1 Nxb6 24. Qc6 Nd7 25. Qxc5 Rxb1 26. Qa3 1-0

[Event "4NCL Online Division 1"]
[Site "online"]
[Date "2020.04.07"]
[Round "1.92"]
[White "Grant, David J"]
[Black "Grieve, Harry"]
[Result "0-1"]
[WhiteElo "2222"]
[BlackElo "2355"]
[PlyCount "84"]
[EventDate "2020.04.07"]
[WhiteTeam "Sussex Social Isolators"]
[BlackTeam "Guildford Young Guns"]

1. e4 c5 2. Nc3 e6 3. Nf3 Nc6 4. d4 cxd4 5. Nxd4 Qc7 6. Be3 a6 7. Qd2 Nf6 8. f3
Ne5 9. g4 h6 10. a3 b5 11. Be2 Bb7 12. g5 hxg5 13. Bxg5 Rc8 14. f4 Nxe4 15.
Nxe4 Bxe4 16. fxe5 Bxh1 17. O-O-O Bd5 18. Qf4 d6 19. exd6 Bxd6 20. Qe3 f6 21.
Bd3 Be5 22. Bg6+ Ke7 23. Nf3 Rh3 24. Qxe5 Qxe5 25. Nxe5 fxg5 26. Rf1 Rxh2 27.
Rf7+ Kd6 28. Ng4 Rh4 29. Ne3 Ke5 30. Kd2 g4 31. Rxg7 Rh2+ 32. Kd3 Kf6 33. Rh7
Rxh7 34. Bxh7 Kg5 35. b3 g3 36. Be4 Bxe4+ 37. Kxe4 Rf8 38. c4 bxc4 39. bxc4
Rf4+ 40. Ke5 Rf3 41. Ke4 Rf2 42. c5 g2 0-1

[Event "4NCL Online Division 1"]
[Site "online"]
[Date "2020.04.07"]
[Round "1.93"]
[White "Stoyanov, Viktor"]
[Black "Blake, J Morgan"]
[Result "1/2-1/2"]
[WhiteElo "2240"]
[BlackElo "2147"]
[PlyCount "148"]
[EventDate "2020.04.07"]
[WhiteTeam "Guildford Young Guns"]
[BlackTeam "Sussex Social Isolators"]

1. e4 e6 2. d4 d5 3. Bd3 dxe4 4. Bxe4 Nf6 5. Bf3 c5 6. Ne2 Nc6 7. Be3 cxd4 8.
Nxd4 Ne5 9. Nc3 a6 10. Qe2 Qc7 11. O-O-O Be7 12. Kb1 Nxf3 13. Qxf3 O-O 14. g4
Rd8 15. g5 Nd5 16. Nxd5 Rxd5 17. h4 b5 18. Rhg1 Bb7 19. Qg4 Rad8 20. Rde1 Bc5
21. Nb3 Bxe3 22. Rxe3 a5 23. h5 a4 24. Nc1 Rd4 25. Qg3 Qxg3 26. Rgxg3 Rd2 27.
Rd3 R8xd3 28. Nxd3 Rd1+ 29. Nc1 Rd2 30. Rc3 h6 31. f4 Rf2 32. gxh6 gxh6 33. Rc5
Be4 34. a3 Rxf4 35. Rxb5 Rf2 36. Rc5 f5 37. Nd3 Rf1+ 38. Ka2 Bd5+ 39. b3 Rd1
40. Nf4 axb3+ 41. cxb3 Rd2+ 42. Kb1 Bxb3 43. Rc7 Rf2 44. Ng6 Rh2 45. Ne7+ Kf8
46. Rb7 Ba2+ 47. Ka1 Bc4 48. Rc7 Bb3 49. Rb7 Bd1 50. Ng6+ Kg8 51. Ne7+ Kf8 52.
Ng6+ Ke8 53. Re7+ Kd8 54. Rxe6 Bxh5 55. Ne5 Be8 56. Rf6 Ke7 57. Rxf5 h5 58. Nf3
Re2 59. Rf4 Bf7 60. Kb1 Bg6+ 61. Kc1 Ra2 62. a4 Rc2+ 63. Kd1 Ra2 64. Ke1 Bc2
65. Kf2 Bxa4+ 66. Kg3 Be8 67. Nd4 Ra3+ 68. Rf3 Rxf3+ 69. Nxf3 Kf6 70. Kh4 Kf5
71. Nh2 Kf4 72. Nf1 Kf3 73. Ng3 Kf4 74. Nxh5+ Bxh5 1/2-1/2

[Event "4NCL Online Division 1"]
[Site "online"]
[Date "2020.04.07"]
[Round "1.94"]
[White "Bucher, Grant W"]
[Black "Kalaiyalahan, Akshaya"]
[Result "1/2-1/2"]
[WhiteElo "2119"]
[BlackElo "2149"]
[PlyCount "85"]
[EventDate "2020.04.07"]
[WhiteTeam "Sussex Social Isolators"]
[BlackTeam "Guildford Young Guns"]

1. e4 c5 2. Nf3 Nc6 3. Bb5 g6 4. Bxc6 bxc6 5. O-O Bg7 6. Re1 Nh6 7. c3 O-O 8.
d4 cxd4 9. cxd4 d6 10. h3 f6 11. Nc3 Nf7 12. Be3 Bd7 13. Qd2 Rb8 14. Rab1 Qa5
15. Rec1 Rfc8 16. Nd1 Qa6 17. b4 f5 18. Ng5 fxe4 19. Nxf7 Kxf7 20. d5 Qb7 21.
dxc6 Bxc6 22. b5 Bd7 23. Nc3 Be6 24. Bd4 Bxd4 25. Qxd4 Rc4 26. Qe3 Rbc8 27. a4
Qc7 28. Ne2 d5 29. Rxc4 dxc4 30. Nc3 Qe5 31. Nxe4 Kg7 32. Qc3 Qxc3 33. Nxc3 Rd8
34. a5 Kf7 35. b6 axb6 36. axb6 Ke8 37. Nb5 Rb8 38. Nc7+ Kf7 39. Na6 Rb7 40.
Nc5 Rb8 41. Na6 Rb7 42. Nc5 Rb8 43. Na6 1/2-1/2

[Event "4NCL Online Division 1"]
[Site "online"]
[Date "2020.04.07"]
[Round "1.101"]
[White "Balaji, Aaravamudhan"]
[Black "Emms, John M"]
[Result "1-0"]
[WhiteElo "2206"]
[BlackElo "2478"]
[PlyCount "85"]
[EventDate "2020.04.07"]
[WhiteTeam "Kent KJCA Kestrels A"]
[BlackTeam "Chessable White Rose 1"]

1. d4 Nf6 2. c4 e6 3. Nc3 Bb4 4. a3 Bxc3+ 5. bxc3 c5 6. Qc2 Nc6 7. e3 O-O 8.
Bd3 d6 9. Ne2 e5 10. d5 e4 11. Bxe4 Nxe4 12. dxc6 Nf6 13. e4 bxc6 14. Bg5 h6
15. Bh4 Re8 16. f3 d5 17. cxd5 cxd5 18. Rd1 g5 19. Bf2 Qe7 20. exd5 Bf5 21. Qa2
c4 22. Qxc4 Rac8 23. Qa6 Bc2 24. Rd2 Bb3 25. Bd4 Nxd5 26. Qxh6 f6 27. Qg6+ Qg7
28. Qxg7+ Kxg7 29. Kf2 Bc4 30. Ng3 Kg6 31. Ne4 Re6 32. g4 a6 33. h4 gxh4 34.
Rxh4 Rb8 35. Kg3 f5 36. gxf5+ Kxf5 37. Rh5+ Kg6 38. Rg5+ Kf7 39. Rg7+ Ke8 40.
Rh2 Kd8 41. Rh8+ Re8 42. Rxe8+ Kxe8 43. Rg8+ 1-0

[Event "4NCL Online Division 1"]
[Site "online"]
[Date "2020.04.07"]
[Round "1.102"]
[White "Sielecki, Christof"]
[Black "Hand, Freddie"]
[Result "1-0"]
[WhiteElo "2431"]
[BlackElo "2181"]
[PlyCount "173"]
[EventDate "2020.04.07"]
[WhiteTeam "Chessable White Rose 1"]
[BlackTeam "Kent KJCA Kestrels A"]

1. Nf3 d5 2. c4 d4 3. g3 c5 4. b4 cxb4 5. a3 b3 6. Qxb3 Nc6 7. d3 e5 8. Bg2 Nf6
9. O-O Be7 10. Bg5 O-O 11. Bxf6 Bxf6 12. Nbd2 Be7 13. Ne1 Qc7 14. Nc2 Be6 15.
Nb4 Nxb4 16. axb4 a6 17. Rfb1 Rab8 18. b5 axb5 19. Qxb5 b6 20. Nf3 Bc5 21. Ne1
Bd7 22. Qa6 Bc6 23. Bxc6 Qxc6 24. Qb5 Qxb5 25. cxb5 Ra8 26. Nf3 f6 27. Nd2 Kf7
28. Nc4 Ke6 29. Ra6 Rxa6 30. bxa6 Ra8 31. Nxb6 Rxa6 32. Nc4 Ra2 33. Kf1 Ra7 34.
g4 Be7 35. Rb8 Ra1+ 36. Kg2 Re1 37. Kf3 Rh1 38. Kg2 Re1 39. Rb2 Rc1 40. Nd2 Rc5
41. Rb6+ Kf7 42. Ne4 Rc7 43. h4 Ra7 44. h5 Rc7 45. Kf3 Ra7 46. Rb8 Rc7 47. Ra8
Rd7 48. Ra6 Rc7 49. Nd2 Rb7 50. Nc4 Rc7 51. Ke4 Rd7 52. g5 Rc7 53. gxf6 gxf6
54. Kf5 Rc5 55. Ra7 e4+ 56. Kxe4 Rxh5 57. Kxd4 Ke6 58. Ra6+ Kf7 59. Nd6+ Bxd6
60. Rxd6 Ke7 61. Ra6 Rh2 62. Ke3 h6 63. Kf3 Rh5 64. d4 Rf5+ 65. Kg3 Rg5+ 66.
Kf4 Rg2 67. Kf3 Rg5 68. e4 Rb5 69. Kf4 Kf7 70. f3 Rb3 71. e5 fxe5+ 72. dxe5 Kg7
73. Ke4 Rb8 74. f4 Rc8 75. Kf5 Rf8+ 76. Kg4 Rf7 77. f5 Rb7 78. Kh5 Rb5 79. Re6
Ra5 80. f6+ Kf7 81. Re7+ Kf8 82. Kxh6 Ra1 83. Kg6 Rg1+ 84. Kf5 Rb1 85. Ra7 Rc1
86. Ra8+ Kf7 87. e6# 1-0

[Event "4NCL Online Division 1"]
[Site "online"]
[Date "2020.04.07"]
[Round "1.103"]
[White "Verma, Aditya"]
[Black "Adair, James R"]
[Result "0-1"]
[WhiteElo "2169"]
[BlackElo "2450"]
[PlyCount "72"]
[EventDate "2020.04.07"]
[WhiteTeam "Kent KJCA Kestrels A"]
[BlackTeam "Chessable White Rose 1"]

1. e4 c5 2. Nf3 d6 3. d4 cxd4 4. Nxd4 Nf6 5. Nc3 a6 6. h3 e5 7. Nde2 h5 8. Bg5
Be6 9. Bxf6 Qxf6 10. Nd5 Qd8 11. Nec3 g6 12. Bc4 Bh6 13. Bb3 O-O 14. O-O Nc6
15. Qd3 Rc8 16. Rad1 Nd4 17. Ne2 Nxb3 18. Qxb3 b5 19. a4 Rb8 20. axb5 Rxb5 21.
Qa3 Bxd5 22. Rxd5 Rxd5 23. exd5 Qb6 24. Nc3 f5 25. Ra1 e4 26. Na4 Qb8 27. c4
Rc8 28. c5 Bf4 29. c6 Be5 30. Nc3 Rc7 31. Qxa6 Qxb2 32. Nb5 e3 33. fxe3 Qe2 34.
Qb6 Bxa1 35. Nxc7 Qe1+ 36. Kh2 Be5+ 0-1

[Event "4NCL Online Division 1"]
[Site "online"]
[Date "2020.04.07"]
[Round "1.104"]
[White "Keetman, Maaike"]
[Black "Royal, Shreyas"]
[Result "1-0"]
[WhiteElo "2169"]
[BlackElo "2121"]
[PlyCount "71"]
[EventDate "2020.04.07"]
[WhiteTeam "Chessable White Rose 1"]
[BlackTeam "Kent KJCA Kestrels A"]

1. e4 e5 2. Nf3 Nc6 3. Bb5 a6 4. Ba4 Nf6 5. d3 b5 6. Bb3 Be7 7. a4 Rb8 8. axb5
axb5 9. Nc3 d6 10. Nd5 Bg4 11. c3 h6 12. O-O O-O 13. h3 Bh5 14. Ra6 Nxd5 15.
exd5 e4 16. dxe4 Ne5 17. g4 Qc8 18. Nxe5 dxe5 19. Rc6 Bg6 20. Rxg6 fxg6 21. d6+
Kh7 22. dxe7 Re8 23. Qd5 Rxe7 24. Be3 Qa6 25. Bc5 Ree8 26. Rd1 Qf6 27. Qf7 Qh4
28. Rd7 Rg8 29. Kg2 Rbe8 30. Be7 g5 31. Qf5+ Kh8 32. Bxg8 Rxg8 33. Bf8 h5 34.
Bxg7+ Rxg7 35. Qf8+ Kh7 36. Qxg7# 1-0

[Event "4NCL Online Division 1"]
[Site "online"]
[Date "2020.04.07"]
[Round "1.111"]
[White "Kwiatkowski, Feliks J"]
[Black "Ophoff, Ja"]
[Result "1-0"]
[WhiteElo "2297"]
[BlackElo "2257"]
[PlyCount "101"]
[EventDate "2020.04.07"]
[WhiteTeam "King's Head"]
[BlackTeam "Dundee"]

1. e4 d5 2. exd5 Qxd5 3. Nc3 Qa5 4. d4 c6 5. Nf3 Bf5 6. Bc4 e6 7. Bd2 Nd7 8.
O-O Ngf6 9. Re1 Qc7 10. h3 Bd6 11. Nh4 Bg6 12. Nxg6 hxg6 13. Qf3 O-O-O 14. Rad1
Nb6 15. Bb3 Bh2+ 16. Kh1 Rxd4 17. g3 Rxh3 18. Kg2 Bxg3 19. Kxh3 Rh4+ 20. Kg2
Rh2+ 21. Kg1 Rxf2 22. Qd3 Nbd5 23. Bxd5 exd5 24. Ne2 Bh4 25. Qh3+ Rf5 26. Qxh4
Rh5 27. Qg3 Qd7 28. Nf4 Ne4 29. Rxe4 dxe4 30. Nxh5 gxh5 31. Qxg7 b6 32. Qg3 e3
33. Kf1 exd2 34. Qf2 Qg4 35. Rxd2 Qc4+ 36. Rd3 Qxa2 37. b3 Qa1+ 38. Ke2 Qe5+
39. Qe3 Qh2+ 40. Kd1 Qh1+ 41. Kd2 Qg2+ 42. Kc1 Qf1+ 43. Kb2 Qf6+ 44. Kb1 c5 45.
Qe8+ Kb7 46. Rd7+ Ka6 47. Qxf7 Qe5 48. Rxa7+ Kb5 49. Qd7+ Kb4 50. Ra4+ Kc3 51.
Qd3# 1-0

[Event "4NCL Online Division 1"]
[Site "online"]
[Date "2020.04.07"]
[Round "1.112"]
[White "Shafi, Declan"]
[Black "McMichael, Richard J"]
[Result "1/2-1/2"]
[WhiteElo "2166"]
[BlackElo "2252"]
[PlyCount "133"]
[EventDate "2020.04.07"]
[WhiteTeam "Dundee"]
[BlackTeam "King's Head"]

1. d4 e6 2. c4 f5 3. Nf3 Nf6 4. g3 d5 5. Bg2 c6 6. O-O Bd6 7. Bf4 Bxf4 8. gxf4
O-O 9. Ne5 Qe7 10. Nc3 Bd7 11. Rb1 Be8 12. b4 Nbd7 13. b5 Nxe5 14. dxe5 Ne4 15.
Nxe4 fxe4 16. e3 Qh4 17. f3 Bh5 18. Qe1 Qxe1 19. Rfxe1 Bxf3 20. Bh3 Rae8 21.
bxc6 bxc6 22. cxd5 cxd5 23. Rec1 Rf7 24. Rc6 Rfe7 25. Kf2 Kf7 26. Rb4 Rd8 27.
Ra4 h5 28. Kg3 Rh8 29. Raa6 h4+ 30. Kf2 Rhe8 31. f5 exf5 32. Bxf5 Kg8 33. e6
Rf8 34. Bg6 Bh5+ 35. Bf7+ Bxf7 36. exf7+ Rexf7+ 37. Kg2 Rf2+ 38. Kh3 R8f3+ 39.
Kg4 Rg2+ 40. Kh5 Rf5+ 41. Kxh4 Rxh2+ 42. Kg3 Rhf2 43. Rxa7 R5f3+ 44. Kg4 Rg2+
45. Kh4 Rf1 46. Kh3 Rg5 47. Kh4 Rfg1 48. Rc8+ Kh7 49. Raa8 R5g4+ 50. Kh3 Kh6
51. Rc5 Rg5 52. Kh2 R1g2+ 53. Kh1 R2g4 54. Rh8+ Kg6 55. a4 Rf5 56. a5 d4 57.
exd4 e3 58. Rxf5 Kxf5 59. Rf8+ Ke4 60. a6 e2 61. Re8+ Kf3 62. a7 Rh4+ 63. Kg1
Rg4+ 64. Kh2 Rh4+ 65. Kg1 Rg4+ 66. Kh2 Rh4+ 67. Kg1 1/2-1/2

[Event "4NCL Online Division 1"]
[Site "online"]
[Date "2020.04.07"]
[Round "1.113"]
[White "Guthrie, David"]
[Black "Spencer, Edwin A"]
[Result "1-0"]
[WhiteElo "2207"]
[BlackElo "2097"]
[PlyCount "93"]
[EventDate "2020.04.07"]
[WhiteTeam "King's Head"]
[BlackTeam "Dundee"]

1. d4 Nf6 2. c4 c5 3. d5 b5 4. Nf3 e6 5. dxe6 fxe6 6. cxb5 d5 7. Nc3 Nbd7 8. e4
d4 9. e5 Ng4 10. Ne4 Be7 11. Nd6+ Bxd6 12. exd6 O-O 13. Bd3 Qf6 14. Bg5 Qf7 15.
Be7 Bb7 16. Qe2 h6 17. Bxf8 Rxf8 18. O-O-O e5 19. h3 Nxf2 20. Bc4 Bd5 21. Bxd5
Qxd5 22. Qxf2 e4 23. Kb1 exf3 24. gxf3 Rxf3 25. Qh4 Qxd6 26. Rhg1 Ne5 27. Rde1
d3 28. Qe4 d2 29. Rd1 Rf7 30. Rg2 Nf3 31. Rf2 Ng5 32. Qe8+ Kh7 33. Rxf7 Qg6+
34. Ka1 Nxf7 35. Qe2 Qg3 36. Qxd2 Ne5 37. Qc2+ g6 38. Qxc5 h5 39. Qxa7+ Kh6 40.
Qd4 Qf3 41. b6 Nc4 42. Qh8+ Kg5 43. Rg1+ Kh4 44. Qd4+ Kxh3 45. Qxc4 Qe3 46.
Qf1+ Kh4 47. Qe1+ 1-0

[Event "4NCL Online Division 1"]
[Site "online"]
[Date "2020.04.07"]
[Round "1.114"]
[White "Hogg, Stephen William"]
[Black "O'Shaughnessy, Conor"]
[Result "0-1"]
[WhiteElo "2008"]
[BlackElo "2042"]
[PlyCount "86"]
[EventDate "2020.04.07"]
[WhiteTeam "Dundee"]
[BlackTeam "King's Head"]

1. d4 Nf6 2. c4 e6 3. Nc3 c5 4. d5 d6 5. e4 exd5 6. cxd5 g6 7. h3 Bg7 8. Bd3
O-O 9. Nf3 a6 10. a4 Nbd7 11. O-O Rb8 12. Bf4 Qe7 13. Re1 Ne8 14. Bg3 Ne5 15.
Be2 Bd7 16. a5 b5 17. axb6 Rxb6 18. Qc2 Nc7 19. Nd2 Nb5 20. f4 Nd4 21. Qd1
Nxe2+ 22. Qxe2 Ng4 23. hxg4 Rxb2 24. Qd3 Bd4+ 25. Kh1 Bxg4 26. Rxa6 Bc8 27. Ra3
Qf6 28. Nf3 Bf2 29. Bxf2 Rxf2 30. Nd1 Rxf3 31. Qxf3 Qh4+ 32. Kg1 Qxe1+ 33. Qf1
Qxe4 34. Ne3 Bb7 35. f5 Bxd5 36. Nxd5 Qxd5 37. Rf3 Re8 38. Qc1 Qd4+ 39. Kh2 Re4
40. Qg5 f6 41. Qc1 Qe5+ 42. Kh3 Re1 43. Qc4+ d5 0-1

[Event "4NCL Online Division 1"]
[Site "online"]
[Date "2020.04.07"]
[Round "1.121"]
[White "Raetsky, Alexander"]
[Black "Miller, Dominic"]
[Result "1/2-1/2"]
[WhiteElo "2386"]
[BlackElo "2252"]
[PlyCount "82"]
[EventDate "2020.04.07"]
[WhiteTeam "Northumbria Vikings"]
[BlackTeam "Sussex Auguries"]

1. d4 Nf6 2. c4 g6 3. Nc3 d5 4. Nf3 Bg7 5. Bg5 Ne4 6. cxd5 Nxg5 7. Nxg5 e6 8.
Nf3 exd5 9. e3 O-O 10. b4 c6 11. Be2 Bf5 12. O-O Nd7 13. b5 Rc8 14. Rc1 Nb6 15.
bxc6 Rxc6 16. Qb3 Qc8 17. Ne5 Bxe5 18. dxe5 Be6 19. Qb2 a6 20. f4 Nc4 21. Bxc4
Rxc4 22. Ne2 b5 23. Nd4 Bf5 24. Rcd1 Rd8 25. Qf2 Qd7 26. Qh4 Rdc8 27. Qf6 Rc3
28. Qxa6 Rxe3 29. Qxb5 Qxb5 30. Nxb5 Bd3 31. Nd6 Rc2 32. Rf2 Be2 33. Rb1 d4 34.
g4 d3 35. Rb8+ Kg7 36. g5 Rc1+ 37. Kg2 Bg4 38. Ne8+ Kf8 39. Nd6+ Kg7 40. Ne8+
Kf8 41. Nd6+ Kg7 1/2-1/2